logo

Bir Sreshtho Munshi Abdur Rouf Library
Jhenaidah Cadet College

মহানবী (সা)-এর সাথে ৩৬৫ দিন : (Record no. 13201)

MARC details
000 -LEADER
fixed length control field 01046nam a2200253 a 4500
001 - CONTROL NUMBER
JCCL Control Number 13201
003 - CONTROL NUMBER IDENTIFIER
JCCL marc code BD-JhCC
005 - DATE AND TIME OF LATEST TRANSACTION
control field 20230723081922.0
008 - FIXED-LENGTH DATA ELEMENTS--GENERAL INFORMATION
fixed length control field 230612b20222021bg a|||| ||a| 000 0 ben d
035 ## - SYSTEM CONTROL NUMBER
system control number (BD-JhCC)13201
040 ## - CATALOGING SOURCE
Original cataloging agency BD-JhCC
Modifying agency BD-JhCC
041 ## - LANGUAGE CODE
Language code of Book Bengali
082 ## - DEWEY DECIMAL CLASSIFICATION NUMBER
Classification number 297.63
Author mark and Year MOH 2022
245 ## - TITLE STATEMENT
Title মহানবী (সা)-এর সাথে ৩৬৫ দিন :
Remainder of title রাসুল (সা)-এর জীবনের স্মরণীয় ঘটনা /
Statement of responsibility, etc অনু ও সম্পা: ড. ইকবাল কবীর মোহন,মুহাম্মদ ‍সিরাজুল ইসলাম।
260 ## - PUBLICATION, DISTRIBUTION, ETC. (IMPRINT)
Place of publication, distribution, etc ঢাকা :
Name of publisher, distributor, etc শিশু কানন;
Date of publication, distribution, etc ২০২২.
300 ## - PHYSICAL DESCRIPTION
Pagination ৪১৫ পৃ. :
Other physical details ill;
Dimensions 26 cm.
650 ## - SUBJECT ADDED ENTRY--TOPICAL TERM
Topical term or geographic name as entry element Islamic stories
650 ## - SUBJECT ADDED ENTRY--TOPICAL TERM
Topical term or geographic name as entry element Children stories(islam)
650 ## - SUBJECT ADDED ENTRY--TOPICAL TERM
Topical term or geographic name as entry element Juvenile Literature
700 ## - ADDED ENTRY--PERSONAL NAME
Personal name মোহন, ড. ইকবাল কবীর
700 ## - ADDED ENTRY--PERSONAL NAME
Personal name ইসলাম,মুহাম্মদ ‍সিরাজুল
942 ## - ADDED ENTRY ELEMENTS (KOHA)
Source of classification or shelving scheme Dewey Decimal Classification
Koha item type Books
Holdings
Source of classification or shelving scheme Damaged status Not for loan Home library Current library Shelving location Date of accession Cost, normal purchase price Total Checkouts Full call number Barcode Date last seen Copy number Method of acquisition Koha item type Currency
Dewey Decimal Classification     JCC Rouf Library JCC Rouf Library General Stacks 06/12/2023 375.00   297.63 MOH 2022 18352 07/23/2023 C-1 Purchase Books BDT

JCC Library | Contacts | JCC Home

Last Update on 23 September 2017
Copyright @ 2017-2020 JCC Rouf Library
Rouf Library, Jhenidah Cadet College (JCC), Bangladesh